Marvel Werewolves by Picture - Statistics

General Stats
  • This quiz has been taken 12 times
  • The average score is 5 of 6
Answer Stats
Picture Answer % Correct
Cap-Wolf
100%
Cap-Wolf (Samuel Wilson)
100%
Spider-Wolf
92%
Werewolf by Night
92%
Wolfsbane
67%
Man-Wolf
58%
No matching quizzes found
Score Distribution
Percent of People with Each Score
Percentile by Number Answered
Your Score History
You have not taken this quiz